Up and coming from down under (Record no. 118230)
[ view plain ]
| 000 -LEADER | |
|---|---|
| fixed length control field | 01037cam a2200241 4500 |
| 001 - CONTROL NUMBER | |
| control field | ABS68375 |
| 008 - FIXED-LENGTH DATA ELEMENTS--GENERAL INFORMATION | |
| fixed length control field | 041027n2004 000 0 eng u |
| 035 ## - SYSTEM CONTROL NUMBER | |
| System control number | (Sirsi) u127830 |
| 100 ## - MAIN ENTRY--PERSONAL NAME | |
| Personal name | Madine, V. |
| 245 ## - TITLE STATEMENT | |
| Title | Up and coming from down under |
| 260 ## - PUBLICATION, DISTRIBUTION, ETC. | |
| Date of publication, distribution, etc. | 2004 |
| 490 ## - SERIES STATEMENT | |
| Series statement | Building |
| Volume/sequential designation | 269(8354) 22 October 2004, 52-55(4) |
| 520 ## - SUMMARY, ETC. | |
| Summary, etc. | Gives the results of the 2004 Hays Montrose/Building contractors' salary guide. Explains how young construction professionals are getting a better increase than their older colleagues. However the salary growth for most construction staff has slowed compared with previous years. With tables of average pay among contractors in the UK for various professionals including quantity surveyors and engineers. |
| 590 ## - LOCAL NOTE (RLIN) | |
| Local note | ABS |
| 590 ## - LOCAL NOTE (RLIN) | |
| Local note | ABS |
| 650 ## - SUBJECT ADDED ENTRY--TOPICAL TERM | |
| Topical term or geographic name entry element | HAYS CONSTRUCTION/BUILDING CONTRACTORS' SALARIES GUIDE |
| 650 ## - SUBJECT ADDED ENTRY--TOPICAL TERM | |
| Topical term or geographic name entry element | CONSTRUCTION PROFESSIONALS |
| 650 ## - SUBJECT ADDED ENTRY--TOPICAL TERM | |
| Topical term or geographic name entry element | SALARY INCREASES |
| 650 ## - SUBJECT ADDED ENTRY--TOPICAL TERM | |
| Topical term or geographic name entry element | GRADUATES |
| 650 ## - SUBJECT ADDED ENTRY--TOPICAL TERM | |
| Topical term or geographic name entry element | SITE AGENTS |
| 690 ## - LOCAL SUBJECT ADDED ENTRY--TOPICAL TERM (OCLC, RLIN) | |
| Topical term or geographic name as entry element | PROFESSIONAL PRACTICE |
| 942 ## - ADDED ENTRY ELEMENTS (KOHA) | |
| Suppress in OPAC | 0 |
| Withdrawn status | Lost status | Source of classification or shelving scheme | Damaged status | Not for loan | Home library | Current library | Shelving location | Date acquired | Total Checkouts | Full call number | Barcode | Date last seen | Copy number | Price effective from | Koha item type |
|---|---|---|---|---|---|---|---|---|---|---|---|---|---|---|---|
| Dewey Decimal Classification | London | London | Journal article | 27/10/2004 | ABS68375 | 127830-1001 | 06/08/2019 | 1 | 06/08/2019 | Journal article |